000
00270nam a2200097Ia 4500
001
695375
005
20250826161951.0
008
250824s9999 xx 000 0 und d
245
0
_a
DEĞİRMENİMDEN MEKTUPLAR (ANTİK)
_c
ALPHONSE DAUDET
260
_b
ANTİK DÜNYA KLASİKLERİ
999
_c
695375
_d
695375